000 01002cam a2200265 4500
001 ABS63541
008 000000n2001 000 0 eng u
035 _a(Sirsi) u111008
100 _aPullen, L.
245 _aWhat is Best Value in construction procurement?
260 _c2001
490 _aCSM
_bChartered Surveyor Monthly
_vFebruary 2001, 32-33(2)
520 _aLooks at Best Value initiatives since the Local Government Act 1999 set out the process of Best Value. With special reference to the role of benchmarking in identifying value for money and improving performance. Outlines BCIS' provision of a benchmarking service for contract prices through its tender price index.
590 _aABS
650 _aBEST VALUE
650 _aCONSTRUCTION PROCUREMENT
650 _aLOCAL GOVERNMENT ACT 1999
650 _aPARTNERING
650 _aBENCHMARKING
650 _aBCIS
650 _aSUBCONTRACTORS
650 _aPRIME CONTRACTING
690 _aProcurement
_96260
942 _n0
999 _c66153
_d66153